El cuento de Ferdinando / (Registro nro. 12475)
[ vista simple ]
| 000 -LEADER | |
|---|---|
| fixed length control field | 01103cam a22003611 4500 |
| 001 - CONTROL NUMBER | |
| control field | 4531080 |
| 003 - CONTROL NUMBER IDENTIFIER | |
| control field | DO-SdBNP |
| 005 - DATE AND TIME OF LATEST TRANSACTION | |
| control field | 20180305095829.0 |
| 008 - FIXED-LENGTH DATA ELEMENTS--GENERAL INFORMATION | |
| fixed length control field | 800929s 1990 xxu a 000 1 spa |
| 010 ## - LIBRARY OF CONGRESS CONTROL NUMBER | |
| LC control number | |
| 020 ## - INTERNATIONAL STANDARD BOOK NUMBER | |
| International Standard Book Number | 0140542531 |
| 040 ## - CATALOGING SOURCE | |
| Original cataloging agency | BPMSU |
| Transcribing agency | spa |
| Modifying agency | BPMSU |
| 041 1# - LANGUAGE CODE | |
| Language code of text/sound track or separate title | |
| 043 ## - GEOGRAPHIC AREA CODE | |
| Geographic area code | |
| 050 00 - LIBRARY OF CONGRESS CALL NUMBER | |
| Classification number | |
| Item number | |
| 082 #4 - DEWEY DECIMAL CLASSIFICATION NUMBER | |
| Classification number | xxx |
| Edition number | |
| Item number | xxx |
| 100 10 - MAIN ENTRY--PERSONAL NAME | |
| Personal name | Leaf, Munro, |
| Dates associated with a name | 1905-1976. |
| 240 10 - UNIFORM TITLE | |
| Uniform title | <a href="Story of Ferdinand.">Story of Ferdinand.</a> |
| Language of a work | Spanish |
| 245 13 - TITLE STATEMENT | |
| Title | El cuento de Ferdinando / |
| Statement of responsibility, etc. | Munro Leaf ; ilustraciones Robert Lawson. Traducción Pura Belpré. |
| 260 ## - PUBLICATION, DISTRIBUTION, ETC. (IMPRINT) | |
| Place of publication, distribution, etc. | Nueva York : |
| Name of publisher, distributor, etc. | Puffin books, |
| Date of publication, distribution, etc. | 1990. |
| 300 ## - PHYSICAL DESCRIPTION | |
| Extent | [72] p. : |
| Other physical details | il. ; |
| Dimensions | 21 cm. |
| 490 1# - SERIES STATEMENT | |
| Series statement | Dejame leer |
| 520 ## - SUMMARY, ETC. | |
| Summary, etc. | A gentle bull who likes to sit quietly and smell flowers is entered in a bullfight. |
| 650 #1 - SUBJECT ADDED ENTRY--TOPICAL TERM | |
| Topical term or geographic name as entry element | Bulls |
| General subdivision | Fiction. |
| 650 #1 - SUBJECT ADDED ENTRY--TOPICAL TERM | |
| Topical term or geographic name as entry element | Spanish language materials. |
| 651 #1 - SUBJECT ADDED ENTRY--GEOGRAPHIC NAME | |
| Geographic name | Spain |
| General subdivision | Fiction. |
| 700 12 - ADDED ENTRY--PERSONAL NAME | |
| Personal name | Lawson, Robert, |
| Dates associated with a name | 1892-1957. |
| Relator term | il. |
| 700 12 - ADDED ENTRY--PERSONAL NAME | |
| Personal name | Belpré, Pura, |
| Relator term | trad. |
| 830 #0 - SERIES ADDED ENTRY--UNIFORM TITLE | |
| Uniform title | Dejame leer |
| 942 ## - ADDED ENTRY ELEMENTS (KOHA) | |
| Source of classification or shelving scheme | Dewey Decimal Classification |
| Koha item type | Libros |
| 945 ## - LOCAL PROCESSING INFORMATION (OCLC) | |
| a | Inventariado, 2018/ YL |
| 956 ## - LOCAL ELECTRONIC LOCATION AND ACCESS (OCLC) | |
| Host name | VMATEO |
| Access number | 10 |
| Compression information | 20170116 |
| Path | BPMSU |
| Electronic name | 0069 |
| Withdrawn status | Lost status | Source of classification or shelving scheme | Damaged status | Not for loan | Collection code | Home library | Current library | Date acquired | Source of acquisition | Total Checkouts | Full call number | Barcode | Date last seen | Price effective from | Koha item type |
|---|---|---|---|---|---|---|---|---|---|---|---|---|---|---|---|
| Dewey Decimal Classification | Colección Infantil General | Biblioteca Pública Metropolitana Salomé Ureña | Biblioteca Pública Metropolitana Salomé Ureña | 02/22/2018 | Agencia de cooperación internacional del Japón | xxx xxx | BPMSU18020248 | 02/22/2018 | 02/22/2018 | Libros |